| 000 | 01304cad a22002055a 4500 | ||
|---|---|---|---|
| 001 | L156908 | ||
| 008 | 300712s2012 xxk f 000 0 eng d | ||
| 035 | _a(Sirsi) u156908 | ||
| 041 | 0 | _aeng | |
| 110 | 2 |
_aRoyal Institution of Chartered Surveyors _94900 |
|
| 245 | 0 | 0 |
_aBIM: building information model _ba full working cost planning bim file _h[electronic resource] |
| 260 |
_aS.I _bRICS _C2012 |
||
| 505 | 2 | _aIntroduction -- Software -- How does it work? - Parametric engine -- Views: plans, sections, axonometric -- 'Family' information -- Object embedded data :quality -- Added qs data (+ cost, time) -- Collaboration (in practice) -- International foundation class (ifc) -- RLB development -- Revit plus -- RLBIM: import rlb database -- Revit: select assembly code -- RLBIM: other data -- RLNIM: file exprot/ quantity extraction -- Excel: filtered, grouped, sorted, precoded -- Quantity extraction: example -- Revit: internal cost plan -- NRM capital cost plan in revit -- Summary -- BIM: Building information model. | |
| 521 | _aAdvanced | ||
| 650 | 2 | 4 |
_aBIM _96219 |
| 651 | 4 | _aInternational | |
| 690 | _aDesign and specification | ||
| 856 | 4 | 0 |
_uhttps://www.rics.org/site/download_feed.aspx?fileID=11251&fileExtension=PDF _zView the presentation free of charge at www.rics.org... |
| 942 | _n0 | ||
| 999 |
_c114480 _d114480 |
||